000 00528nam a22001817a 4500
005 20230217124444.0
008 230216b |||||||| |||| 00| 0 eng d
020 _a81-8416000-3
041 _aeng
082 _a615 GOY-B
100 _aGOYAL ,Dr. RAMESH K . ,BHATT , Dr. PRALOOP . AND KUMAR , Dr. PRADEEP
_97515
245 _aBASIC OF HEALTH EDUCATION AND COMMUNITY FARMACY
250 _a5th ed.
260 _bB.S. SHAH PRAKASHAN
_c2014-2015
300 _a345;P.
650 _aPHARMACY
_xD. PHARMA
_97516
942 _cBK
999 _c8231
_d8229